Las razones de la fuerza. Tucídides y la teoría de las relaciones internacionales.
Guardat en:
| Autor principal: | |
|---|---|
| Altres autors: | |
| Format: | Desconegut |
| Publicat: |
Madrid, España:
Alianza Editorial,
2023.
|
| Edició: | Versión revisada para la edición española. |
| Col·lecció: | Colección Ciencias sociales
|
| Matèries: | |
| Etiquetes: |
Afegir etiqueta
Sense etiquetes, Sigues el primer a etiquetar aquest registre!
|
MARC
| LEADER | 00000 a2200000 4500 | ||
|---|---|---|---|
| 003 | CL-VaPUC | ||
| 005 | 20240517110135.0 | ||
| 008 | 240514t2023 ||||| |||| 00| 0 eng d | ||
| 999 | |c 443722 |d 443720 | ||
| 020 | |a 978-84-1148-260-8 | ||
| 040 | |c Pontificia Universidad Católica de Valparaíso | ||
| 082 | 7 | |2 22 |a 327.101 CES 2023 | |
| 100 | |a Cesa, Marco |9 888887 | ||
| 245 | |a Las razones de la fuerza. |b Tucídides y la teoría de las relaciones internacionales. | ||
| 250 | |a Versión revisada para la edición española. | ||
| 260 | |b Alianza Editorial, |c 2023. |a Madrid, España: | ||
| 300 | |a 180 páginas. | ||
| 490 | |a Colección Ciencias sociales | ||
| 583 | |k GC |c 20240514 | ||
| 600 | 0 | |9 439819 |a Tucídides | |
| 650 | 0 | |9 255813 |a Política internacional |x Teoría | |
| 650 | 0 | |9 255740 |a Relaciones Internacionales |x Teoría | |
| 650 | 0 | |9 269417 |a Guerra del Peloponeso |x Historia |y 431 a. C.- 404 a. C. | |
| 700 | |9 856573 |a Cuesta, Manuel |e traducción | ||
| 942 | |2 ddc |c BK | ||
| 952 | |0 0 |1 0 |2 ddc |4 0 |6 327_101000000000000_CES_2023 |7 0 |8 A |9 594509 |a BIBHIS |b BIBHIS |d 2024-05-10 |e 36 |g 12003.00 |i 5661345 |o 327.101 CES 2023 |p 5661345 |r 2025-01-20 |t 1 |v 12003.00 |w 2024-05-10 |y BK |k HIS | ||